[Event "Guernsey Holiday op 33rd"]
[Site "Guernsey"]
[Date "2007.10.27"]
[Round "7"]
[White "Nalichowski, Sebastian"]
[Black "Kearsley, Raymond J"]
[Result "0-1"]
[WhiteElo "1667"]
[BlackElo "1664"]
[PlyCount "45"]
[EventDate "2007.10.21"]
[EventType "swiss"]
[EventRounds "7"]
[EventCountry "GCI"]
[SourceTitle "EXT 2022"]
[Source "ChessBase"]
[SourceDate "2021.10.06"]
[SourceVersion "1"]
[SourceVersionDate "2021.10.06"]
[SourceQuality "1"]

1. d4 Nf6 2. c4 g6 3. Nc3 d5 4. cxd5 Nxd5 5. e4 Nxc3 6. bxc3 Bg7 7. Bc4 0-0 8. Ba3 Nd7 9. Nf3 c5 10. 0-0 Nb6 11. Be2 cxd4 12. cxd4 Bg4 13. Bb2 Rc8 14. Qb3 Bxf3 15. gxf3 e6 16. Rad1 Rc7 17. Kh1 Qf6 18. Rc1 Rfc8 19. Rxc7 Rxc7 20. a4 Qf4 21. a5 Nd7 22. Qd1 a6 23. Rg1 0-1

[Event "Guernsey Holiday op"]
[Site "Grand Harve Bay"]
[Date "2006.10.21"]
[Round "7"]
[White "Nalichowski, Sebastian"]
[Black "Ruhle, Ernst Albrecht"]
[Result "0-1"]
[WhiteElo "1740"]
[BlackElo "1608"]
[PlyCount "92"]
[EventDate "2006.10.15"]
[EventType "swiss"]
[EventRounds "7"]
[EventCountry "GCI"]
[SourceTitle "EXT 2008"]
[Source "ChessBase"]
[SourceDate "2007.11.25"]
[SourceVersion "1"]
[SourceVersionDate "2007.11.25"]
[SourceQuality "1"]

1. e4 d5 2. exd5 Qxd5 3. Nc3 Qa5 4. d4 c6 5. Bc4 Nf6 6. Bd2 Qc7 7. Nf3 Bg4 8. h3 Bxf3 9. Qxf3 e6 10. g4 h6 11. 0-0-0 Nbd7 12. h4 0-0-0 13. g5 Nb6 14. Bf4 Bd6 15. Bxe6+ fxe6 16. Bxd6 Rxd6 17. gxf6 Rf8 18. Qg3 gxf6 19. Ne4 Rd7 20. Qxc7+ Kxc7 21. Nc5 Kd6 22. Rhe1 Re7 23. Ne4+ Kc7 24. Nc5 Rfe8 25. Rd3 Nd5 26. c4 b6 27. cxd5 bxc5 28. Rc3 exd5 29. Rxe7+ Rxe7 30. dxc5 Re6 31. b4 Re2 32. Ra3 Kb7 33. f4 Rf2 34. Re3 Rxf4 35. Re7+ Ka6 36. Re6 Kb5 37. a3 a5 38. bxa5 Kxc5 39. a6 Ra4 40. Kb2 Rxa6 41. Rxf6 Rb6+ 42. Kc2 Kc4 43. Rxh6 d4 44. Rf6 d3+ 45. Kc1 Kc3 46. h5 d2+ 0-1

[Event "Guernsey Holiday op"]
[Site "Grand Harve Bay"]
[Date "2006.10.20"]
[Round "6"]
[White "Collins, Alan"]
[Black "Nalichowski, Sebastian"]
[Result "1-0"]
[WhiteElo "1496"]
[BlackElo "1740"]
[PlyCount "74"]
[EventDate "2006.10.15"]
[EventType "swiss"]
[EventRounds "7"]
[EventCountry "GCI"]
[SourceTitle "EXT 2008"]
[Source "ChessBase"]
[SourceDate "2007.11.25"]
[SourceVersion "1"]
[SourceVersionDate "2007.11.25"]
[SourceQuality "1"]

1. d4 d5 2. c4 c6 3. cxd5 cxd5 4. Nc3 Nc6 5. Bf4 Nf6 6. e3 g6 7. Bd3 Nh5 8. Bg3 Bg7 9. Nge2 Nxg3 10. hxg3 0-0 11. Qb3 e6 12. 0-0-0 a6 13. f4 b5 14. Kd2 Na5 15. Qc2 Nc4+ 16. Bxc4 dxc4 17. Ke1 Bb7 18. Kf2 f5 19. Ng1 g5 20. Nf3 b4 21. Na4 g4 22. Nh4 Qd5 23. Nb6 Qe4 24. Qxe4 Bxe4 25. Nxa8 Rxa8 26. Ke1 Rc8 27. Kd2 Bf8 28. Kc1 a5 29. Rhf1 c3 30. Rf2 c2 31. Rdd2 a4 32. Rxc2 Rxc2+ 33. Rxc2 Bxc2 34. Kxc2 Bd6 35. Kd3 Kf7 36. Kc4 Ke7 37. b3 a3 1-0

[Event "Guernsey Holiday op"]
[Site "Cobo Bay"]
[Date "2005.10.21"]
[Round "6"]
[White "Nalichowski, Sebastian"]
[Black "Haisma, Henk"]
[Result "1-0"]
[WhiteElo "1550"]
[BlackElo "1654"]
[PlyCount "119"]
[EventDate "2005.10.16"]
[EventType "swiss"]
[EventRounds "7"]
[EventCountry "GCI"]
[SourceTitle "EXT 2007"]
[Source "ChessBase"]
[SourceDate "2006.11.23"]
[SourceVersion "1"]
[SourceVersionDate "2006.11.23"]
[SourceQuality "1"]

1. e4 c5 2. Nc3 d6 3. f4 e5 4. fxe5 dxe5 5. Nf3 Bd6 6. Bc4 Nf6 7. d3 h6 8. 0-0 0-0 9. Nh4 Kh7 10. Nf5 Bxf5 11. Rxf5 Qe7 12. Qf3 Nbd7 13. Qh3 Nb6 14. Bg5 Qd7 15. Bxf6 gxf6 16. Qh4 Be7 17. Bd5 Kg7 18. Qg3+ Kh7 19. Qe3 Kg7 20. Raf1 Rh8 21. R1f3 Rag8 22. Rh3 Rh7 23. Rfh5 Rgh8 24. Bb3 Qc7 25. Nb5 Qb8 26. c4 a6 27. Nc3 Qd6 28. Bd1 f5 29. Rxf5 Bg5 30. Qf2 f6 31. Bh5 Rd8 32. Rg3 Qe7 33. h4 Rf8 34. hxg5 hxg5 35. Be2 Rfh8 36. Rh3 Rxh3 37. gxh3 Rxh3 38. Qg2 Rh6 39. Nd5 Nxd5 40. cxd5 Qd8 41. Qf2 Qh8 42. Bf3 b6 43. Bg2 Qc8 44. b3 Qd7 45. Rf3 Qg4 46. Qg3 Qd7 47. Bh3 Qd8 48. Qg4 Kf7 49. Qd7+ Qxd7 50. Bxd7 Ke7 51. Rh3 Rg6 52. Rh7+ Kf8 53. Be6 Rg7 54. Rxg7 Kxg7 55. a4 Kf8 56. d6 Ke8 57. Kg2 Kd8 58. Kg3 Ke8 59. Kg4 Kf8 60. Kf5 1-0

[Event "Guernsey Holiday op"]
[Site "Cobo Bay"]
[Date "2005.10.20"]
[Round "5"]
[White "Dokter, Marike"]
[Black "Nalichowski, Sebastian"]
[Result "0-1"]
[WhiteElo "1416"]
[BlackElo "1550"]
[PlyCount "42"]
[EventDate "2005.10.16"]
[EventType "swiss"]
[EventRounds "7"]
[EventCountry "GCI"]
[SourceTitle "EXT 2007"]
[Source "ChessBase"]
[SourceDate "2006.11.23"]
[SourceVersion "1"]
[SourceVersionDate "2006.11.23"]
[SourceQuality "1"]

1. e4 e6 2. d4 d5 3. exd5 exd5 4. Nf3 Bd6 5. Be3 Ne7 6. Bd3 Bf5 7. 0-0 0-0 8. Bg5 f6 9. Be3 c6 10. Nc3 Qc7 11. Ne2 Nd7 12. Qd2 Bxd3 13. Qxd3 Rae8 14. Ng3 Bxg3 15. hxg3 Ng6 16. Nh4 Nxh4 17. gxh4 Re4 18. g3 Rfe8 19. c4 Rxe3 20. fxe3 Qxg3+ 21. Kh1 Rxe3 0-1

[Event "Guernsey Holiday op"]
[Site "Cobo Bay"]
[Date "2005.10.19"]
[Round "4"]
[White "Woodward, Pauline Marian"]
[Black "Nalichowski, Sebastian"]
[Result "0-1"]
[WhiteElo "1296"]
[BlackElo "1550"]
[PlyCount "62"]
[EventDate "2005.10.16"]
[EventType "swiss"]
[EventRounds "7"]
[EventCountry "GCI"]
[SourceTitle "EXT 2007"]
[Source "ChessBase"]
[SourceDate "2006.11.23"]
[SourceVersion "1"]
[SourceVersionDate "2006.11.23"]
[SourceQuality "1"]

1. e4 e6 2. d4 d5 3. exd5 exd5 4. c4 Nf6 5. cxd5 Nxd5 6. Bc4 Be7 7. Nf3 0-0 8. 0-0 Bg4 9. h3 Bh5 10. Nc3 Nb6 11. Be2 Bf6 12. Be3 Re8 13. Qd2 Nc6 14. Rad1 Nd5 15. Nxd5 Qxd5 16. a3 Rad8 17. Rfe1 Re4 18. Qc1 Nxd4 19. Bc4 Qxc4 20. Nxd4 Qxc1 21. Bxc1 Rxe1+ 22. Rxe1 Bxd4 23. Bf4 Bb6 24. Kh2 Bxf2 25. Re7 Bb6 26. Bxc7 Bxc7+ 27. Rxc7 Rb8 28. b4 Kf8 29. a4 Ke8 30. g4 Bg6 31. h4 a6 0-1